000 00362 a2200169 4500
001 183127
020 _a85-00-21727-8
040 _cMagnum
100 _aDostoievski, F. M.
240 1 0 _aCrime e castigo
_lpor
245 1 0 _aCrime e castigo
300 _a286
362 0 _a1996
440 1 _aEdiouro
697 _aLITERATURA GERAL ESTRANGEIRA
942 _cBK
999 _c183127
_d183127